000 00578cam a2200217 4500
001 J175
008 090401t xxu||||| |||| 00| 0 eng d
035 _a(Sirsi) u73618
041 _aeng
050 _a333.337094212
110 _aKnight Frank and Rutley
_91990
245 _aCity offices quarterly . - Quarter 1 1991 - Quarter 4 1991
260 _aLondon
_bKnight Frank and Rutley
_c1991-92
300 _a4 pt. ; 30cm.
350 _a0
520 _aQuarter 4 includes Annual Review.
650 _aCITY OF LONDON
650 _aOFFICES
942 _n0
948 _c04/03/1997
999 _c95650
_d95650